000 01530cad a22002175a 4500
001 L151444
008 101105s2010 xxk f 000 0 eng d
035 _a(Sirsi) u151444
041 0 _aeng
100 1 _aBall, Michael
245 0 4 _aThe UK private rented sector as a source of affordable accommodation
_h[electronic resource]
260 _aYork
_bJoseph Rowntree Foundation
_c2010
490 0 _aJRF programme paper
_bHousing Market Taskforce
505 2 _aFeatures of the UK private rented sector -- Demand for housing in the private rented sector -- Security of tenure and rent control -- Investment in the private rented sector
520 _aAssesses the potential for the private rented sector to provide an alternative to home-ownership for households who are either priced out of home-ownership, or for whom the risks of home-ownership are too high. Owner occupation is taken as the default tenure to which most people aspire. Investigates its customer base, prospects for private rented sector demand and rents; an investigation of the impact of extending security of tenure and introducing second generation rent controls in parts of the sector; and the economics of small-scale versus institutional investors. International comparisons are used where relevant.
590 _aKA
651 4 _aUnited Kingdom
_y
690 _aResidential property
_96266
856 4 0 _uhttps://www.jrf.org.uk/sites/files/jrf/rented-accommodation-private-sector-full.pdf
_zView this item free of charge at www.jrf.org.uk
942 _n0
999 _c111369
_d111369